Top 5 NFL Quarterbacks by Team - Statistics

General Stats
  • This quiz has been taken 1,850 times
    1,533 since last reset
  • The average score is 76 of 160
Answer Stats
Team Player % Correct
New Orleans Saints Archie Manning
90%
New York Giants Eli Manning
90%
Denver Broncos | Indianapolis Colts Peyton Manning
90%
New England Patriots | Tampa Bay Buccaneers Tom Brady
90%
Baltimore Ravens Lamar Jackson
89%
Detroit Lions Matthew Stafford
89%
Atlanta Falcons Matt Ryan
89%
Buffalo Bills Josh Allen
88%
Green Bay Packers Aaron Rodgers
86%
Green Bay Packers Brett Favre
86%
Baltimore Ravens Joe Flacco
86%
Carolina Panthers Cam Newton
85%
Kansas City Chiefs Patrick Mahomes
85%
Los Angeles Chargers | New Orleans Saints Drew Brees
84%
Arizona Cardinals | Los Angeles Rams Kurt Warner
83%
Arizona Cardinals Kyler Murray
83%
Seattle Seahawks Russell Wilson
83%
Miami Dolphins Dan Marino
82%
Kansas City Chiefs | San Francisco 49ers Joe Montana
81%
Kansas City Chiefs | San Francisco 49ers Alex Smith
80%
Los Angeles Rams Jared Goff
80%
Minnesota Vikings | Washington Redskins Kirk Cousins
79%
San Francisco 49ers Steve Young
79%
Arizona Cardinals | Cincinnati Bengals Carson Palmer
78%
Dallas Cowboys Dak Prescott
78%
Houston Texans David Carr
77%
Oakland Raiders Derek Carr
77%
Houston Texans Deshaun Watson
76%
Buffalo Bills Jim Kelly
76%
Los Angeles Chargers Phillp Rivers
76%
Dallas Cowboys Tony Romo
75%
Dallas Cowboys Troy Aikman
74%
Denver Broncos John Elway
73%
Pittsburgh Steelers Terry Bradshaw
73%
Pittsburgh Steelers Ben Roethlisberger
71%
Cincinnati Bengals Joe Burrow
71%
Detroit Lions Shaun Hill
71%
Indianapolis Colts Andrew Luck
70%
Atlanta Falcons | Philadelphia Eagles Michael Vick
70%
Green Bay Packers Bart Starr
68%
Buffalo Bills | New England Patriots Drew Bledsoe
68%
Tennessee Titans Ryan Tannehill
68%
Cincinnati Bengals Andy Dalton
67%
Cleveland Browns Baker Mayfield
67%
Chicago Bears | Denver Broncos Jay Cutler
67%
New York Jets Joe Namath
65%
Dallas Cowboys Roger Staubach
64%
Minnesota Vikings | Seattle Seahawks | Tennessee Titans Warren Moon
64%
Philadelphia Eagles Donovan McNabb
63%
Tampa Bay Buccaneers Jameis Winston
62%
Miami Dolphins Ryan Tannehill
62%
Jacksonville Jaguars Blake Bortles
60%
Philadelphia Eagles Carson Wentz
59%
Indianapolis Colts Johnny Unitas
58%
Los Angeles Chargers Justin Herbert
58%
Minnesota Vikings Fran Tarkenton
57%
Houston Texans Matt Schaub
55%
Minnesota Vikings Daunte Culpepper
50%
Philadelphia Eagles Randall Cunningham
49%
Baltimore Ravens | Tennessee Titans Steve McNair
49%
Cleveland Browns Otto Graham
47%
Tampa Bay Buccaneers Brad Johnson
46%
Seattle Seahawks Matt Hasselbeck
46%
Cincinnati Bengals Ken Anderson
45%
New York Giants Phil Simms
44%
Miami Dolphins Bob Griese
42%
Cincinnati Bengals | New York Jets Boomer Esiason
42%
Denver Broncos Brian Griese
42%
Kansas City Chiefs Len Dawson
42%
Los Angeles Chargers Dan Fouts
41%
Tampa Bay Buccaneers Doug Williams
41%
New York Jets Mark Sanchez
41%
Jacksonville Jaguars Mark Brunell
40%
Minnesota Vikings | Oakland Raiders Rich Gannon
40%
Chicago Bears Jim McMahon
39%
Washington Redskins Joe Theismann
39%
New Orleans Saints | Oakland Raiders Ken Stabler
38%
New York Jets Vinny Testaverde
38%
Carolina Panthers Jake Delhomme
36%
Baltimore Ravens | Tampa Bay Buccaneers Trent Dilfer
35%
Kansas City Chiefs Trent Green
33%
Dallas Cowboys Danny White
31%
New England Patriots | Oakland Raiders Jim Plunkett
30%
Carolina Panthers | New York Giants | Tennessee Titans Kerry Collins
30%
San Francisco 49ers Jeff Garcia
27%
Los Angeles Rams Sam Bradford
27%
Chicago Bears | Indianapolis Colts Jim Harbaugh
26%
Arizona Cardinals Jim Hart
26%
New York Giants | San Francisco 49ers Y.A Tittle
26%
Cleveland Browns Bernie Kosar
25%
New York Jets Chad Pennington
25%
Los Angeles Rams Jim Everett
23%
Chicago Bears Sid Luckman
23%
Cleveland Browns Tim Couch
23%
Buffalo Bills Doug Flutie
22%
Washington Redskins Mark Rypien
21%
Philadelphia Eagles Ron Jaworski
21%
Detroit Lions Bobby Layne
20%
Denver Broncos Tim Tebow
20%
Jacksonville Jaguars Byron Leftwich
19%
Atlanta Falcons Chris Chandler
19%
Seattle Seahawks Dave Krieg
19%
New Orleans Saints Aaron Brooks
18%
Jacksonville Jaguars Blaine Gabbert
18%
Indianapolis Colts Jeff George
18%
Los Angeles Rams Marc Bulger
18%
Atlanta Falcons Steve Bartkowski
18%
Arizona Cardinals Neil Lomax
17%
New England Patriots Steve Grogan
17%
Chicago Bears Erik Kramer
16%
Seattle Seahawks Jim Zorn
16%
Pittsburgh Steelers Neil O'Donnell
16%
Cleveland Browns | Houston Texans Brian Hoyer
15%
Jacksonville Jaguars | Miami Dolphins Chad Henne
15%
Green Bay Packers Don Majkowski
15%
New York Giants | Oakland Raiders Jeff Hostetler
15%
Green Bay Packers Lynn Dickey
15%
Washington Redskins Sonny Jurgensen
15%
New England Patriots Tony Eason
15%
Buffalo Bills' Joe Ferguson
14%
Baltimore Ravens Kyle Boller
13%
Carolina Panthers Steve Beuerlein
13%
Miami Dolphins Matt Moore
12%
Pittsburgh Steelers Tommy Maddox
12%
Atlanta Falcons Chris Miller
11%
Detroit Lions Joey Harrington
11%
Washington Redskins Billy Kilmer
9%
New Orleans Saints Bobby Hebert
8%
Detroit Lions Charlie Batch
8%
Tennessee Titans Dan Pastorini
8%
Carolina Panthers Jimmy Clausen
8%
Houston Texans Tom Savage
8%
Pittsburgh Steelers Kordell Stewart
2%
Los Angeles Chargers Stan Humphries
2%
No matching quizzes found
Score Distribution
Percent of People with Each Score
Percentile by Number Answered
Your Score History
You have not taken this quiz since the last reset